Kill this love english lyrics Blackpink - Statistics

General Stats
  • This quiz has been taken 140 times
  • The average score is 142 of 193
Answer Stats
Lyrics % Correct
kill
97%
love
97%
this
96%
i
93%
you
93%
a
91%
let's
91%
in
86%
yeah
86%
Blackpink
82%
are
80%
me
80%
your
79%
it
77%
to
77%
the
76%
area
75%
he
75%
look
75%
be
73%
go
72%
at
71%
it's
71%
sad
71%
so
71%
but
70%
door
70%
got
68%
kick
68%
we
68%
true
67%
kills
65%
is
64%
like
64%
all
63%
baby
62%
dangerous
62%
my
62%
that
62%
can
61%
crazy
61%
cry
61%
not
61%
before
60%
favorite
60%
sadly
60%
too
60%
gotta
59%
here
59%
inside
59%
makes
59%
thank
59%
must
58%
plus
58%
feelin'
57%
I'm
57%
lie
57%
sinner
57%
sorry
57%
come
55%
more
55%
Bye
53%
fire
53%
his
53%
up
53%
said
52%
what
52%
commit
51%
give
50%
some
50%
with
49%
get
48%
messed
48%
boo
46%
owe
46%
oh
45%
price
45%
him
43%
we're
43%
yes
42%
lucky
41%
might
40%
smart
40%
test
39%
making
38%
heaven
24%
ooh
9%
No matching quizzes found
Score Distribution
Percent of People with Each Score
Percentile by Number Answered
Your Score History
You have not taken this quiz